IAS 27 - Konsolidovaná a individuálna účtovná závierka
Gespeichert in:
| 1. Verfasser: | |
|---|---|
| Weitere Verfasser: | |
| Format: | Buchkapitel |
| Sprache: | Slowakisch |
| Tags: |
Keine Tags, Fügen Sie das erste Tag hinzu!
|
MARC
| LEADER | 00000naa$a2200000$$$4500 | ||
|---|---|---|---|
| 001 | 0063981 | ||
| 005 | 20240502071739.2 | ||
| 041 | 0 | |a slo | |
| 044 | |a SK | ||
| 245 | 1 | 0 | |a IAS 27 - Konsolidovaná a individuálna účtovná závierka |c Daša Mokošová, Libor Vašek |
| 100 | 1 | |a Mokošová, Daša, 1979- | |
| 700 | 1 | |a Vašek, Libor | |